1747 1840 1946 1468 1340 1551 1984 1335 1002 1092 1532 1420 1961 1566 1654 1301 1656 1164 1386 1378 1083 1875 1182 1688 1500 1824 1262 1696 1936 1956 1756 1991 1397 1012 1787 1510 1321 1938 1594 1689 1406 1125 1756 1892 1082 1282 1103 1250 1426 1283 1655 1083 1177 1480 1646 1866 1682 1721 1813 1129 1460 1734 1683 1064 1247 1322 1140 1879 1426 1089 1529 1124 1946 1648 1459 1653 1188 1483 1371 1982 1895 1521 1710 1353 1760 1208 1396 1499 1178 1099 1924 1556 1139 1984 1586 1129 1268 1517 1051 BCNSPRNW ULIB Ver.6.0+V

เปลี่ยนเป็นภาษาไทย

Change to English
 แสดงรายละเอียดบรรณานุกรม
  กลับหน้าหลัก

Brief Record : Get Marc (ISO 2709) : E-mail record : QR code < ปิดหน้าต่าง
LEADER : 00000nam 2200000uu 4500
001    13399123263
003     ULIB
008    140813s||||||||th 000 0 tha d
020    ^a9749588045
050  4 ^aPL4185^bพ174
245 00 ^aพจนานุกรม ฉบับราชบัณฑิตยสถาน พ.ศ. 2542 /^cราชบัณฑิตยสถาน
246 30 ^aพจนานุกรม
250    ^aพิมพ์ครั้งที่ 1
260    ^aกรุงเทพฯ :^bนานมีบุ๊คส์พับลิเคชั่น,^c2546
300    ^aก-ฒ, (29), 1,436 หน้า :^bภาพประกอบ (ภาพสีบางภาพ) ;^c27 ซม.
650  4 ^aภาษาไทย^vพจนานุกรม
710 2  ^aราชบัณฑิตยสถาน
945    ^p600^l0^i034561
999    ^aเกษร โพธิ์สุวรรณ
รายการนี้ยังไม่มีแท็ก
คุณยังไม่ได้ล็อกอิน คุณสามารถมีกิจกรรมร่วมกับเว็บไซต์ได้ แต่ต้องล็อกอินก่อน ::
  ล็อกอิน

รายการสื่อสารสนเทศ

ลำดับที่ ประเภท เลขเรียก/บาร์โค้ด สถานที่ สถานะ
1. การศึกษาทั่วไป
การศึกษาทั่วไป
PL4185 พ174 ฉ.1 
  Barcode: 034561
ห้องสมุดวิทยาเขตนครสวรรค์
►นวนิยาย:l:Fiction
บนชั้น
Note:อภินันทนาการโดย คุณปรีชา สมุทรักษ์

BibComment


ยังไม่เคยถูกคอมเมนท์

คอมเมนท์ทรัพยากรรายการนี้
  คอมเมนท์: พจนานุกรม ฉบับรา..


 Copyright 2026. Bcnsprnw @Library